Administración por objetivos: guía práctica enfocada al éxito
Guardat en:
| Autor principal: | |
|---|---|
| Format: | Llibre |
| Idioma: | espanyol |
| Publicat: |
Ciudad de México
McGraw-Hill
1982
|
| Matèries: | |
| Etiquetes: |
Afegir etiqueta
Sense etiquetes, Sigues el primer a etiquetar aquest registre!
|
MARC
| LEADER | 00000nam a2200000 a 4500 | ||
|---|---|---|---|
| 001 | UCR9832 | ||
| 003 | CL-VaPUC | ||
| 008 | 980619e19820000MX |||||||||||||||||spa|d | ||
| 082 | 0 | 4 | |a 658.403 |b GIE |2 21 |
| 100 | |a Giegold, William C |e author |9 412765 | ||
| 245 | 1 | 0 | |a Administración por objetivos: guía práctica enfocada al éxito |
| 246 | 1 | 0 | |a Manual del instructor para la serie APO |
| 300 | |a 90 p | ||
| 942 | |c BK | ||
| 945 | |d 19980619 00:00:00 |a cmena | ||
| 260 | |a Ciudad de México |b McGraw-Hill |c 1982 | ||
| 650 | 7 | |a TECNICAS ADMINISTRATIVAS |2 CL-VaPUC |9 338270 | |
| 650 | 0 | |a Operaciones administrativas |9 335045 | |
| 650 | 7 | |a METAS |2 CL-VaPUC |9 341661 | |
| 650 | 7 | |a ESTUDIO DE ORGANIZACION Y METODOS |2 CL-VaPUC |9 341662 | |
| 650 | 0 | |a Administración de empresas |9 260833 | |
| 650 | 0 | |a Gestión industrial |9 263790 | |
| 650 | 7 | |a MODELOS |2 CL-VaPUC |9 262523 | |
| 583 | |a last modification |c 19980619 00:00:00 |k Rodrigo Vera | ||
| 999 | |c 271008 |d 271006 | ||
| 952 | |0 0 |1 0 |4 0 |6 658_403000000000000_GIE_1982 |7 0 |8 A |9 305491 |a BIBENE |b BIBENE |d 2019-11-20 |i 1422073 |o 658.403 GIE 1982 |p 1422073 |r 2025-01-15 |w 2019-11-20 |y BK |k ICO | ||
| 952 | |0 0 |1 0 |4 0 |6 658_403000000000000_GIE_1982 |7 0 |8 A |9 305492 |a BIBENE |b BIBENE |d 2019-11-20 |i 143179K |o 658.403 GIE 1982 |p 143179K |r 2025-01-15 |w 2019-11-20 |y BK |k ICO | ||